[Event "GAMMA Reykjavik Open 2018"]
[Site "Reykjavik"]
[Date "2018.03.14"]
[Round "7"]
[White "Kumar, Nikhil"]
[Black "Perelshteyn, Eugene"]
[Result "0-1"]
[WhiteElo "2277"]
[BlackElo "2513"]
[Annotator "TA"]
[PlyCount "82"]
[EventType "swiss"]
[EventCountry "ISL"]
[SourceTitle "playchess.com"]
[Source "ChessBase"]
[SourceQuality "1"]

{[%evp 25,82,-8,-8,-10,-4,-18,-9,-16,-16,-14,0,-18,-10,-54,-51,-74,-73,-71,-62,-63,-54,-76,-65,-146,-156,-167,-163,-254,-251,-255,-161,-160,-141,-219,-214,-215,-214,-212,-209,-250,-252,-245,-233,-364,-354,-829,-816,-807,-808,-786,-759,-768,-757,-1158,-1158,-1127,-1120,-29982,-29983]} 1. d4 Nf6 2. Nf3 g6 3. Bf4 Bg7 4. e3 O-O 5. Be2 c5 6. c3 Qb6 7. Qb3 d6 8. h3 Be6 9. Qxb6 axb6 10. a3 Bd5 {A48: 1 d4 Nf6 2 Nf3 g6: Torre, London and Colle Systems} 11. Nbd2 Bc6 12. O-O Nbd7 {[%cal Bb8d7,Bd7b6,Bb6a4][%mdl 32]} 13. Bh2 (13. Rfe1 Rfd8 14. Bh2 b5 15. Bf1 e5 16. e4 exd4 17. cxd4 d5 18. e5 {0-1 (54) Morozevich,A (2722)-Grischuk,A (2777) Loo 2014}) 13... b5 {LiveBook: 6 Games} 14. Bd3 Nb6 $146 ({Predecessor:} 14... Rfd8 15. e4 d5 16. e5 Ne4 17. Rfe1 Nxd2 18. Nxd2 cxd4 19. cxd4 {½-½ (49) Costa Trillo,V (2281)-Kazoks,A (2368) ICCF email 2015}) 15. e4 Na4 16. Rab1 Rfd8 17. Bc2 Ne8 18. Rfe1 e5 {[%cal Re5d4]} 19. dxe5 dxe5 20. c4 f6 21. g4 h6 22. cxb5 Bxb5 23. Bb3+ Kh7 24. g5 (24. h4 $15) 24... hxg5 $17 25. Bxe5 Rxd2 $1 ({Weaker is} 25... fxe5 26. Nxg5+ Kh8 27. Nf7+ Kh7 28. Ng5+ Kh8 29. Nf7+ Kh7 30. Ng5+ $11) 26. Bxf6 {[#]} (26. Nxd2 {is a better defense.} fxe5 27. Bc4) 26... Rd3 $1 $19 ({Don't play} 26... Nxf6 27. Nxd2 Nh5 28. e5 $17) 27. Nxg5+ Kh8 28. Bxg7+ Nxg7 29. Bd5 (29. Nf7+ $17 Kg8 30. Ba2) 29... Nh5 30. Bxb7 {[#]} Rb8 $1 {[%cal Rb8b7]} 31. Bd5 Nf4 32. Re3 Rxe3 33. fxe3 Bd3 34. Rd1 (34. Re1 {was worth a try.} Ne2+ 35. Kf2 Rxb2 36. Kf3) 34... Nxb2 {And now ...Ne2+ would win.} 35. Rd2 $2 (35. Re1 Ne2+ 36. Kf2) 35... Nxd5 36. exd5 c4 {[%cal Bc5c4,Bc4c3,Bc3c2][%mdl 32]} 37. Nf7+ Kg7 38. Ne5 c3 39. Rf2 Rf8 40. d6 c2 41. Nxd3 Rxf2 {Precision: White = 35%, Black = 87%.} ({Not} 41... Nxd3 42. Rxc2 Ne5 43. a4 $17) 0-1

[Event "GAMMA Reykjavik Open 2018"]
[Site "Reykjavik"]
[Date "2018.03.15"]
[Round "8"]
[White "Eljanov, Pavel"]
[Black "Antal, Tibor Kende"]
[Result "1-0"]
[WhiteElo "2713"]
[BlackElo "2419"]
[Annotator "TA"]
[PlyCount "67"]
[EventType "swiss"]
[EventCountry "ISL"]
[SourceTitle "playchess.com"]
[Source "ChessBase"]
[SourceQuality "1"]

{[%evp 14,67,18,27,34,47,40,41,43,20,43,44,57,58,68,66,105,96,96,110,101,97,86,87,77,65,89,100,102,109,106,75,102,102,144,104,111,119,162,172,172,164,162,175,341,354,343,344,743,714,826,821,784,769,1449,1421]} 1. Nf3 d5 2. g3 Nf6 3. Bg2 c6 4. O-O Bf5 5. c4 e6 6. Qb3 Qb6 7. d3 {A11: English Opening: 1...c6} Nbd7 8. Qc2 {LiveBook: 5 Games} dxc4 $146 ({Predecessor:} 8... e5 9. cxd5 cxd5 10. Be3 Qa5 11. Bd2 Qa6 12. Re1 Be7 13. e4 dxe4 14. dxe4 Bg4 {½-½ (41) Ibermax (2560)-Rodo (2668) playchess.com INT 2007}) 9. Qxc4 {White is slightly better.} Bg4 10. Nbd2 Be7 11. Qc2 Bxf3 12. Bxf3 Ne5 13. Bg2 O-O 14. b3 {[%cal Bb2b3,Bb3c4][%mdl 32]} c5 {[#]} 15. Nc4 $1 {[%cal Rc4b6]} Nxc4 16. bxc4 Qc7 17. Rb1 Rab8 18. Bf4 e5 19. Bg5 Ne8 {[%cal Bf6e8,Be8d6,Bd6b7,Bb7a5][%mdl 32]} 20. Bd2 $36 {[%mdl 2048] White is really pushing.} Nd6 21. a4 b6 22. Bd5 Nb7 23. Bc3 Bd6 24. e3 Na5 25. f4 Kh8 26. fxe5 Bxe5 27. d4 Bd6 28. Qf5 {[#] Threatens to win with Be4.} Rbe8 $2 (28... Qc8 29. Qxc8 Rbxc8 30. Bxf7 Nc6) 29. Bxa5 $18 bxa5 30. Rb7 Qd8 $2 (30... Qc8 31. Qxc8 (31. Rxf7 Qxf5 32. R1xf5 g6 $18) 31... Rxc8) 31. Rd7 {White is clearly winning.} Qb8 32. Rb1 Qc8 33. Bb7 Qb8 34. Be4 {Precision: White = 88%, Black = 22%.} 1-0

[Event "GAMMA Reykjavik Open 2018"]
[Site "Reykjavik"]
[Date "2018.03.15"]
[Round "8"]
[White "Adhiban, Baskaran"]
[Black "Rapport, Richard"]
[Result "1-0"]
[WhiteElo "2650"]
[BlackElo "2715"]
[Annotator "TA"]
[PlyCount "54"]
[EventType "swiss"]
[EventCountry "ISL"]
[SourceTitle "playchess.com"]
[Source "ChessBase"]
[SourceQuality "1"]

{[%evp 13,54,-23,19,19,18,22,32,29,46,36,48,49,50,41,46,50,52,53,81,68,93,96,358,378,375,350,362,358,377,372,375,379,414,400,427,425,408,414,507,492,575,542,571]} 1. d4 d5 2. c4 c6 3. Nf3 Nf6 4. Nc3 dxc4 5. e4 b5 6. Be2 {D15: Slav Defence: 4 Nc3 a6 and gambit lines after 4 Nc3 dxc4} (6. e5 Nd5 7. a4 Nc7 8. Be2 Bf5 9. Nh4 Bd7 10. O-O e6 11. Nf3 Be7 12. Ne4 O-O 13. Bg5 Bxg5 14. Nfxg5 h6 15. Nh3 {½-½ (77) Salem,A (2638)-Jobava,B (2690) Riadh 2017}) 6... e6 7. O-O Be7 {LiveBook: 4 Games} 8. a4 {The position is equal.} b4 9. e5 bxc3 10. exf6 Bxf6 11. bxc3 Ba6 12. Ne5 $146 ({Find the theoretical novelty and annotate with similar games:} 12. Ba3 Nd7 13. Nd2 Nb6 {0-1 (60) Le,T (1981)-Hoang,X (2072) Bac Giang 2014}) 12... Bxe5 13. dxe5 Qxd1 $1 14. Rxd1 {Threatens to win with Rd6.} Nd7 15. f4 $36 {[%mdl 2048] White is more active.} Nb6 {[#]} 16. Rd6 $1 O-O 17. Bf3 Nc8 $2 {[%mdl 8192]} (17... Nd5 $16) 18. Rxc6 $18 Bb7 {[#]} 19. Rxc8 $1 {[%mdl 512]} Raxc8 20. Bxb7 Rb8 21. Ba6 Rb3 22. Ba3 Rd8 23. Bb4 Rd2 {intending ...Rbb2.} 24. Bxc4 Rbb2 25. Bf1 h5 26. a5 a6 27. Bc5 g6 {Precision: White = 100%, Black = 27%.} 1-0

[Event "GAMMA Reykjavik Open 2018"]
[Site "Reykjavik"]
[Date "2018.03.15"]
[Round "8"]
[White "Adly, Ahmed"]
[Black "Mohota, Nisha"]
[Result "1-0"]
[WhiteElo "2643"]
[BlackElo "2272"]
[Annotator "TA"]
[PlyCount "77"]
[EventType "swiss"]
[EventCountry "ISL"]
[SourceTitle "playchess.com"]
[Source "ChessBase"]
[SourceQuality "1"]

{[%evp 26,77,23,12,9,7,14,14,11,15,31,0,0,0,0,0,0,0,0,4,4,0,6,0,0,-11,-8,-15,0,0,0,-19,96,97,122,155,900,871,29981,29982,29982,29983,29983,496,29984,29985,29978,29980,29992,29993,29993,29994,29994,29991]} 1. Nf3 d5 2. d4 Nf6 3. g3 e6 4. Bg2 Be7 5. O-O O-O 6. c4 dxc4 7. Ne5 Nc6 8. Nxc6 bxc6 9. Na3 Bxa3 10. bxa3 {[%cal Bb2a3,Ba3a4][%mdl 32]} Ba6 11. Qd2 {E05: Open Catalan: 5 Nf3 Be7} Rb8 12. a4 Qd6 13. Qa5 Rb6 14. e4 {[#] LiveBook: 5 Games. Black must now prevent e5.} (14. Rd1 Nd5 15. e4 Qb4 16. Qxb4 Nxb4 17. Bf4 Nd3 18. Bxc7 Rb2 {0-1 (59) Iturrizaga Bonelli,E (2650)-Dominguez Perez,L (2739) chess.com INT 2018}) 14... Qb4 15. Qxb4 Rxb4 16. Ba3 Rxa4 17. Bxf8 Kxf8 18. Rfc1 Ra3 19. Bf1 $146 Nxe4 20. Bxc4 Bb5 21. Rc2 Nc3 22. Rac1 Nd5 $1 23. Bxd5 exd5 $11 {[%mdl 4096] Endgame KRR-KRB} 24. Re1 Ra4 25. Rc3 Rxd4 26. Rce3 $1 {[%csl Ge1][%cal Re3e8]} g5 27. Re7 Rd2 28. Rxc7 Rxa2 {[#]} (28... d4 $11) 29. Ree7 $1 $16 {[%cal Re7f7]} Ra1+ 30. Kg2 f5 $2 (30... Kg7 $16) 31. h4 $18 {[%cal Bh2h4,Bh4h5,Bh5h6,Bh6h7][%mdl 32]} c5 32. Rxh7 {[%cal Rh7h8]} Kg8 33. h5 Ra6 34. Rcg7+ Kf8 35. Rb7 {[%cal Rh7h8] White mates.} Kg8 36. h6 Rg6 37. Rhe7 Kf8 38. h7 Rh6 39. Rg7 {Precision: White = 74%, Black = 57%.} 1-0

[Event "GAMMA Reykjavik Open 2018"]
[Site "Reykjavik"]
[Date "2018.03.15"]
[Round "8"]
[White "Cornette, Matthieu"]
[Black "Hjartarson, Johann"]
[Result "1-0"]
[WhiteElo "2620"]
[BlackElo "2513"]
[Annotator "TA"]
[PlyCount "81"]
[EventType "swiss"]
[EventCountry "ISL"]
[SourceTitle "playchess.com"]
[Source "ChessBase"]
[SourceQuality "1"]

{[%evp 21,81,52,54,18,31,0,47,0,0,0,0,0,0,-47,0,0,39,54,37,43,112,75,114,110,181,189,197,157,318,309,292,329,323,318,314,270,262,283,302,316,392,317,385,356,356,354,332,332,354,347,350,343,470,470,470,470,5365,5365,1722,1681,1259,732]} 1. e4 c5 2. Nf3 e6 3. d4 cxd4 4. Nxd4 a6 5. Nc3 Qc7 6. Bd3 b5 7. O-O Nf6 8. Re1 Bb7 9. e5 {B43: Sicilian: Kan Variation: 5 Nc3} (9. Bg5 Nc6 10. Nxc6 Qxc6 11. Qf3 Be7 12. a3 Qc5 13. Be3 Qe5 14. Bf4 Qh5 15. Qe3 Bc5 16. Qd2 O-O {1-0 (60) Radjabov,T (2742)-Artemiev,V (2692) Tbilisi 2017}) 9... Nd5 10. Nxd5 Bxd5 11. a4 b4 {LiveBook: 5 Games} 12. Bd2 Nc6 13. Nf3 $146 ({Predecessor:} 13. Nxc6 Qxc6 14. Bf1 Bc5 15. c3 Qb6 16. Qe2 O-O {½-½ (52) Ripari,M (2324)-Flores,D (2494) Mar del Plata 2006}) 13... h6 14. Rc1 Bc5 15. c4 Bxf3 16. Qxf3 Rc8 17. Qg3 g5 18. Re4 Bd4 19. Rxd4 $1 Nxd4 20. Bxb4 Qb7 ({Better is} 20... Qb6 $14 21. Bc3 Nb3) 21. Ba3 $1 $16 {[%mdl 1024] White has strong compensation.} Qb3 22. Qe3 Nf5 {[#]} (22... Nc6 $16 {was called for.}) 23. Qd2 $1 $18 Ne7 24. Rd1 $36 {[%mdl 2048] Keeping Black busy.} Qxa4 $2 (24... Rd8 $16) 25. Bc2 Qc6 {[#]} 26. Qb4 $1 {[%csl Ga3][%cal Rb4e7]} O-O 27. Qxe7 Qxc4 28. Bb1 {[%cal Bc2b1,Bb1e4,Be4f3][%mdl 32]} ({Worse is} 28. Qxd7 Qxc2 29. Bxf8 Rxf8 $17) 28... Qe2 {[%cal Re2d1]} 29. Qxd7 Rc7 30. Qd6 {[%csl Ga3][%cal Rd6f8]} Re8 31. h3 Kg7 32. Be4 Rec8 33. Bf3 Qb5 34. Bb4 a5 35. Bc3 a4 36. Rd4 Rxc3 37. bxc3 {White is clearly winning.} Rxc3 38. Rb4 Qa5 (38... Qd3 $142 39. Qxd3 Rxd3 40. Rxa4 Rb3) 39. Rb8 {White threatens Qf8+ and mate.} Qc5 40. Qd8 {[%csl Gb8][%cal Rd8g8]} Rc1+ 41. Bd1 {Precision: White = 77%, Black = 40%.} 1-0

[Event "GAMMA Reykjavik Open 2018"]
[Site "Reykjavik"]
[Date "2018.03.15"]
[Round "8"]
[White "Landa, Konstantin"]
[Black "Hamitevici, Vladimir"]
[Result "1-0"]
[WhiteElo "2613"]
[BlackElo "2512"]
[Annotator "TA"]
[PlyCount "39"]
[EventType "swiss"]
[EventCountry "ISL"]
[SourceTitle "playchess.com"]
[Source "ChessBase"]
[SourceQuality "1"]

{[%evp 15,39,15,29,17,28,22,22,22,22,22,17,0,29,26,75,60,229,226,307,291,29988,29989,29989,29988,29988,29989]} 1. d4 Nf6 2. c4 b6 3. Nc3 Bb7 4. Qc2 d5 5. cxd5 Nxd5 6. e4 Nxc3 {A50: Queen's Fianchetto Defence (1 d4 Nf6 2 c4 b6)} 7. bxc3 e6 8. Nf3 Be7 {LiveBook: 37 Games. The position is equal.} 9. Bb2 $146 ({Predecessor:} 9. Bb5+ c6 10. Bd3 O-O 11. O-O Nd7 12. c4 Qc7 13. Bb2 c5 14. d5 {1-0 (35) So,W (2755)-Zhou,J (2580) Las Vegas 2014}) 9... O-O 10. Bd3 c5 11. d5 exd5 12. exd5 Qxd5 13. Bxh7+ Kh8 14. O-O Bf6 {[#] Hoping for ...g6.} 15. Rad1 $36 {[%mdl 2048] White has good play.} Qxa2 $2 ({Black should play} 15... Qh5 $1 $14 16. Be4 Bc6) 16. Qf5 $18 Bxf3 ({Avoid the trap} 16... Qxb2 $2 17. Qh3 $18) 17. gxf3 Qxb2 $2 (17... Qc4 $18) 18. Qh5 {White mates.} Bg5 19. Be4+ Bh6 20. Rd6 ({Weaker is} 20. Bxa8 Qxc3 21. Rd6 Nd7 $16) 1-0

[Event "GAMMA Reykjavik Open 2018"]
[Site "Reykjavik"]
[Date "2018.03.15"]
[Round "8"]
[White "Can, Emre"]
[Black "Praggnanandhaa, R."]
[Result "1/2-1/2"]
[WhiteElo "2603"]
[BlackElo "2507"]
[Annotator "TA"]
[PlyCount "187"]
[EventType "swiss"]
[EventCountry "ISL"]
[SourceTitle "playchess.com"]
[Source "ChessBase"]
[SourceQuality "1"]

{[%evp 17,187,9,29,23,17,2,0,-6,0,-16,-19,-18,-20,-34,-35,-62,0,0,0,-17,-12,-36,-17,-18,0,-21,-14,-22,26,16,20,2,71,72,90,102,99,29,38,0,0,-42,0,-85,-39,-68,0,-91,64,-367,-366,-336,-340,-397,-83,-63,-22,-131,-129,-133,-117,-112,-122,-247,-252,-283,-72,-72,-72,-65,-65,-68,-81,-86,-81,-81,-102,-98,-90,-78,-84,-52,0,0,0,0,0,0,0,-76,0,0,0,0,0,0,0,-12827,-12827,-12827,-12828,-12828,-12829,-12829,-12822,-12822,-12822,-7259,-2527,-12836,0,0,0,0,0,0,0,0,0,0,0,-49,-104,-104,0,0,0,0,0,0,0,0,0,0,0,0,0,0,0,0,0,0,0,0,0,0,0,0,0,0,0,0,0,0,0,0,0,0,0,0,0,0,0,0,0,0,0,0,0,0,0,0]} 1. Nf3 Nf6 2. c4 e6 3. g3 d5 4. d4 Bb4+ 5. Bd2 Bd6 (5... Be7 6. Bg2 O-O 7. O-O Nbd7 8. Qc2 c6 9. Rc1 b6 10. cxd5 cxd5 11. Bf4 Bb7 12. Qb3 Rc8 13. Rxc8 Qxc8 14. Nc3 Nh5 15. Bg5 Bxg5 16. Nxg5 Qb8 {½-½ (36) Karjakin,S (2753)-Wei,Y (2743) Wijk aan Zee 2018}) 6. Bg2 {E01: Catalan: Early deviations} c6 7. O-O O-O 8. b3 Ne4 9. Bc1 Qe7 {LiveBook: 3 Games} 10. Bb2 f5 $146 ({Predecessor:} 10... Nd7 11. Qc1 b6 12. Ba3 Bb7 13. Bxd6 Nxd6 {½-½ (21) Nguyen,V (2413)-Goganov,A (2621) Ho Chi Minh City 2017}) 11. Nbd2 Nd7 12. Rc1 a5 13. Ne1 b5 14. c5 Bc7 15. Nd3 b4 16. f3 Nxd2 (16... Nc3 $15 17. Bxc3 bxc3) 17. Qxd2 $11 Nf6 18. Rfe1 Ba6 19. Nf2 Nh5 20. Nh3 Nf6 21. e3 Rae8 22. Ra1 Ra8 23. a3 Rfb8 24. Nf2 Qd8 (24... Qf7 $11) 25. e4 $16 a4 26. axb4 ({Of course not} 26. bxa4 $6 b3 $11) 26... axb3 27. exf5 (27. Bh3 $16) 27... exf5 $11 28. Qe3 f4 $1 {[%cal Rf4e3]} 29. gxf4 Bb5 30. Ng4 (30. Rxa8 $11 Rxa8 31. Bf1) 30... Rxa1 31. Rxa1 Qd7 (31... Nxg4 $1 $15 32. fxg4 Qe8) 32. Bh3 (32. Nxf6+ $11 {keeps the balance.} gxf6 33. Qxb3) 32... Re8 $2 {[#]} ({Black should play} 32... Nxg4 $1 $17 33. Bxg4 Qe8 34. Qe6+ Kh8) 33. Qxb3 $2 {[%mdl 8192]} (33. Ra8 $1 $14 {[%mdl 512] was the only good move.} Kf7 (33... Rxa8 34. Nxf6+) 34. Qxe8+ (34. Rxe8 Nxg4 35. Ra8 Nxe3 $14) 34... Qxe8 35. Rxe8 Kxe8 36. Ne5) 33... Nxg4 $1 $19 34. fxg4 Bxf4 35. Qf3 Qc7 $2 (35... g5 $19 36. Bf1 Re3) 36. Bf1 $17 Bxh2+ (36... Rf8 $5 {[%cal Rf4h2]} 37. Qg2 Bxf1 38. Rxf1 Bxh2+ $1 {[%mdl 512]} 39. Kh1 Bf4 $17) 37. Kh1 (37. Kg2 $1 $11 {was the only way to keep the balance.}) 37... Rf8 38. Qg2 Bxf1 39. Rxf1 Bf4 $1 40. b5 (40. Qe2 $17) 40... Qe7 $19 {( -> ...Qh4+)} 41. g5 Qxg5 $2 ({Less strong is} 41... Bxg5 42. Rxf8+ Kxf8 43. Qf3+ Qf7 44. Qh3 $17) (41... Rf5 $1 $19 {[%cal Rf5g5] and Black stays clearly on top.} 42. Qg4 Qe4+ 43. Qg2 Be3 44. Rxf5 Qxf5 45. bxc6 Bf4) 42. Qxg5 $17 Bxg5 $19 {[%mdl 4096] Endgame KRB-KRB} 43. Rg1 Be3 44. Re1 $1 {[%cal Re1e3]} Bf2 45. Re6 cxb5 46. Rd6 Be3 47. c6 Rf1+ 48. Kg2 Rf2+ 49. Kh3 Rxb2 $15 {KRB-KR} 50. c7 Rc2 51. Rd8+ Kf7 52. c8=Q Rxc8 53. Rxc8 Bxd4 $11 {KR-KB} (53... b4 $17 54. Rb8 Kf6 55. Rxb4 Kf5) 54. Rb8 Ke6 55. Kg4 Bf6 {aiming for ...g6.} 56. Rxb5 Ke5 57. Rb4 $2 {[%mdl 8192]} (57. Rb1 $11) 57... d4 $1 $19 58. Kf3 Kf5 $1 59. Rb5+ Be5 $1 60. Rb1 h5 61. Rh1 g6 62. Rh4 Kg5 $1 {[%cal Rg5h4]} 63. Rh1 {[#]} Kf5 $2 (63... h4 $1 $19 64. Ra1 Kf5) 64. Rh4 $1 $11 Bf6 65. Rf4+ $1 Ke5 66. Re4+ Kf5 67. Rf4+ Ke5 68. Re4+ Kd5 {And now ...g5 would win.} 69. Rf4 Be5 70. Rh4 {[#]} Bd6 ({Better is} 70... Bg7 $1 $17 71. Rf4 Be5) 71. Rh1 {The position is equal.} Ke5 72. Rh4 Kd5 73. Rh1 Be7 74. Re1 Bf6 75. Kf4 d3 {Hoping for ...Kc4.} 76. Ke3 Kc4 (76... d2 {feels hotter.} 77. Kxd2) 77. Rc1+ Bc3 {Strongly threatening ...h4.} 78. Rh1 Bd4+ 79. Kd2 Bc3+ 80. Kd1 Bf6 81. Rf1 $1 {[%cal Rf1f6]} Bd4 82. Kd2 $1 Bc3+ 83. Ke3 Bd4+ (83... d2 $5 84. Ke2 $8 h4 $11) 84. Kd2 Be5 {White must now prevent ...g5.} (84... h4 $5) 85. Rf3 Bc3+ 86. Ke3 Bg7 (86... d2 $5 87. Ke2 $8 Be5 $11) 87. Kd2 Bc3+ 88. Ke3 Bb4 {...g5 is the strong threat.} 89. Rg3 Bc5+ 90. Kd2 Bb4+ 91. Ke3 Bc5+ 92. Kd2 Bb4+ 93. Ke3 Bc5+ 94. Ke4 {Precision: White = 54%, Black = 49%.} 1/2-1/2

[Event "GAMMA Reykjavik Open 2018"]
[Site "Reykjavik"]
[Date "2018.03.15"]
[Round "8"]
[White "Lenderman, Aleksandr"]
[Black "Cornette, Deimante"]
[Result "0-1"]
[WhiteElo "2600"]
[BlackElo "2447"]
[Annotator "TA"]
[PlyCount "72"]
[EventType "swiss"]
[EventCountry "ISL"]
[SourceTitle "playchess.com"]
[Source "ChessBase"]
[SourceQuality "1"]

{[%evp 15,71,15,11,0,0,0,14,-30,-13,-39,-34,-68,-65,-73,-80,-122,-97,-87,-88,-87,-26,-20,-19,-24,0,0,0,0,0,-79,-9,-14,-8,-10,-8,-41,-52,-51,-43,-44,-47,-51,-56,-119,-78,-651,-627,-679,-653,-646,-625,-2428,-2173,-29995,-29996,-29996,-29997,-29999]} 1. f4 d5 2. Nf3 c5 3. g3 Nc6 4. Bg2 g6 5. O-O Bg7 6. d3 e6 7. e4 Nge7 8. c3 O-O 9. a4 {B20: Sicilian: Unusual White 2nd moves} (9. e5 d4 10. c4 f6 11. exf6 Bxf6 12. Nbd2 b6 13. Ne4 Bg7 14. Qe2 Nf5 15. Ne5 Nxe5 16. fxe5 Rb8 17. Bg5 Qc7 {1-0 (39) Nakamura,H (2775)-Kryvoruchko,Y (2707) Dubai 2014}) 9... b6 10. Na3 Bb7 11. Qc2 {The position is equal.} Rc8 12. Rd1 Qd7 $146 ({Predecessor:} 12... a6 13. Qe2 Rc7 14. e5 Qd7 15. Nc2 Na5 16. Nd2 Rd8 {0-1 (35) Szymczak,R (2062)-Chalupnik,M (2210) Jastrzebia Gora 2015}) 13. Be3 {[#]} Nd4 $1 {[%mdl 512]} 14. Bxd4 ({Not} 14. cxd4 $2 cxd4 15. Qe2 dxe3 $17) 14... cxd4 15. c4 dxe4 16. dxe4 Rfd8 {Strongly threatening ...d3.} 17. Qd3 Qxa4 (17... e5 $17 18. Nxe5 Bxe5 19. fxe5 Nc6) 18. Nb5 $11 Qb4 {Hoping for ...a6.} 19. Rxa7 Rd7 20. b3 ({Wrong is} 20. Nfxd4 $2 Bxd4+ 21. Nxd4 {[#]} Bxe4 $1 $19 {[%mdl 512]}) 20... Nc6 {[%cal Be7c6,Bc6b4,Bb4c2][%mdl 32]} 21. Ra4 Qc5 22. Kh1 (22. e5 $11) 22... Ra8 ({Black should play} 22... e5 $17) 23. Rxa8+ Bxa8 24. e5 {[%cal Rf3d4]} Nb4 $36 {[%mdl 2048] Black is more active.} 25. Qd2 {[%cal Rf3d4]} d3 26. Ng5 h6 {...Bxg2+ is the strong threat.} 27. Ne4 Bxe4 $1 28. Bxe4 Bf8 29. Kg2 (29. h3 $15) 29... Nc2 {aiming for ...Ne3+.} 30. Kf3 $2 {[%mdl 8192]} (30. Kh1 $17) 30... f5 $19 31. Ba8 Qc8 32. Bd5 exd5 {[%cal Be6d5,Bd5c4][%mdl 32]} 33. e6 {[#]} dxc4 $1 {( -> ...Qc6+)} 34. exd7 Qc6+ {Black mates.} 35. Kf2 Bc5+ 36. Kf1 Qh1# {Precision: White = 33%, Black = 66%.} 0-1

[Event "GAMMA Reykjavik Open 2018"]
[Site "Reykjavik"]
[Date "2018.03.15"]
[Round "8"]
[White "Grigoriants, Sergey"]
[Black "Christiansen, Johan-Sebastian"]
[Result "1/2-1/2"]
[WhiteElo "2568"]
[BlackElo "2486"]
[Annotator "TA"]
[PlyCount "71"]
[EventType "swiss"]
[EventCountry "ISL"]
[SourceTitle "playchess.com"]
[Source "ChessBase"]
[SourceQuality "1"]

{[%evp 23,71,-8,-2,-33,0,0,0,0,0,0,15,-17,0,-33,2,0,0,0,0,0,0,-7,-9,-17,0,0,0,0,26,35,35,0,0,0,0,0,0,0,0,0,0,0,0,0,0,0,0,0,0,0]} 1. Nf3 f5 2. g3 Nf6 3. Bg2 d6 4. d4 g6 5. c4 Bg7 6. Nc3 O-O 7. O-O Qe8 8. d5 Na6 9. Be3 Bd7 {A87: Dutch Defence: Leningrad System: 5 Nf3} 10. Qd2 (10. Rc1 Ng4 11. Bd2 c6 12. h3 Nf6 13. Be3 Kh8 14. Qd2 Nc5 15. Bh6 Nce4 16. Bxg7+ Kxg7 17. Nxe4 Nxe4 {½-½ (74) Erdos,V (2628)-Duda,J (2707) Linares 2017}) 10... Ng4 11. Bf4 Nc5 12. h3 Nf6 $1 {LiveBook: 6 Games} 13. Qe3 $146 ({Predecessor:} 13. Rad1 Nfe4 14. Nxe4 Nxe4 15. Qc1 c6 16. Bh6 cxd5 17. Bxg7 Kxg7 18. cxd5 e5 19. dxe6 Qxe6 20. Qc7 b6 21. Ng5 {1-0 (21) Marin,M (2581)-Petrisor,A (2413) Calimanesti 2014}) 13... Nfe4 14. Nxe4 $1 fxe4 15. Nd2 Bxb2 16. Rab1 Bg7 17. Nb3 b6 18. h4 Nxb3 19. axb3 a5 20. Bxe4 a4 21. bxa4 Rxa4 22. Rbc1 Qf7 23. Bg5 Bf6 24. Kg2 Bxg5 25. hxg5 Rfa8 26. Rh1 Ra3 $1 {[%cal Ra3e3]} 27. Bd3 e5 {The position is equal.} 28. Rh4 Ra1 29. Rxa1 Rxa1 30. Be4 Ra4 31. Bc2 Ra2 32. Bb1 Ra1 33. Be4 Ra4 34. Bc2 Ra2 35. Bb1 Ra1 36. Be4 {Precision: White = 48%, Black = 66%.} 1/2-1/2

[Event "GAMMA Reykjavik Open 2018"]
[Site "Reykjavik"]
[Date "2018.03.15"]
[Round "8"]
[White "Friedel, Joshua"]
[Black "Sundararajan, Kidambi"]
[Result "0-1"]
[WhiteElo "2562"]
[BlackElo "2427"]
[Annotator "TA"]
[PlyCount "64"]
[EventType "swiss"]
[EventCountry "ISL"]
[SourceTitle "playchess.com"]
[Source "ChessBase"]
[SourceQuality "1"]

{[%evp 9,64,12,15,7,16,22,29,23,35,28,28,8,54,29,83,55,62,34,58,42,53,0,4,15,17,0,13,0,0,0,18,-9,0,0,0,-29,0,0,0,0,12,10,8,-35,22,0,48,45,22,0,0,-697,-697,-29997,-29998,-29998,-29999]} 1. Nf3 e6 2. g3 b5 3. e4 (3. Bg2 Bb7 4. O-O c5 5. c3 Nf6 6. d4 cxd4 7. cxd4 Be7 8. Bg5 O-O 9. e3 d6 10. Qe2 Qb6 11. Rc1 Nbd7 12. Nc3 b4 13. Na4 Qa5 14. Bxf6 Nxf6 15. Qd1 Rac8 16. Nd2 Bxg2 17. Kxg2 {½-½ (41) Meier,G (2647)-Lenic,L (2662) chess.com INT 2018}) 3... Bb7 4. Bxb5 Bxe4 5. O-O Nf6 6. d4 {A04: Unusual lines after 1 Nf3 and King's Indian Attack} Be7 7. c4 O-O 8. Nc3 {White has an edge.} Bb7 9. Re1 Bb4 $146 ({Predecessor:} 9... d6 10. Ba4 Nbd7 {0-1 (25) Rezan,S (2307)-Goloshchapov,A (2526) Zadar 2000}) 10. Qd3 Nc6 11. Ba4 Ne7 (11... Na5 $11 {remains equal.}) 12. a3 Bxc3 13. Qxc3 Ne4 14. Qd3 f5 15. Nh4 g5 16. Ng2 {[#] And now f3 would win.} g4 17. Bd1 Ng6 18. b4 Ng5 19. Bxg5 Qxg5 20. Ba4 Bxg2 21. Kxg2 Rf7 22. c5 c6 23. b5 cxb5 24. Bxb5 Raf8 25. Ra2 f4 $132 {[%mdl 2048] Black puts up resistance} 26. Kg1 fxg3 (26... h5 $15) 27. hxg3 Rf3 28. Qe4 R8f7 29. a4 Qf6 {[%cal Rf3f2]} 30. Ree2 $2 {[%mdl 8192] [#]} (30. c6 $11 Rxf2 31. c7 Rxa2 32. Rf1 Qxf1+ 33. Bxf1) 30... Rxg3+ $1 $19 {[%mdl 512]} 31. fxg3 Qf1+ 32. Kh2 Qh3+ {Precision: White = 34%, Black = 51%.} 0-1